Loading...
Ancient History and Archaeology | 4 | 20.00 | 100% | 100% | 0% |
Beliefs | 10 | 17.00 | 90% | 40% | 40% |
British and Commonwealth History | 5 | 18.00 | 100% | 60% | 20% |
Current Events | 4 | 20.00 | 100% | 75% | 25% |
Fine Arts - Auditory Fine Arts | 8 | 13.75 | 100% | 25% | 13% |
Fine Arts - Visual Fine Arts | 8 | 17.50 | 100% | 50% | 25% |
Geography | 2 | 25.00 | 100% | 100% | 50% |
History - American History | 6 | 13.33 | 100% | 33% | 0% |
History - European History | 7 | 20.00 | 100% | 100% | 0% |
History - World History | 5 | 20.00 | 100% | 80% | 20% |
Literature - American Literature | 5 | 16.00 | 100% | 60% | 0% |
Literature - British Literature | 6 | 21.67 | 100% | 100% | 17% |
Literature - European Literature | 6 | 23.33 | 100% | 67% | 67% |
Other Academic | 3 | 20.00 | 100% | 100% | 0% |
Other Arts: Auditory | 3 | 13.33 | 100% | 33% | 0% |
Other Arts: Visual | 4 | 15.00 | 100% | 50% | 0% |
Other Science: Astronomy | 1 | 30.00 | 100% | 100% | 100% |
Other Science: Computer Science | 3 | 13.33 | 100% | 33% | 0% |
Other Science: Earth Science | 1 | 10.00 | 100% | 0% | 0% |
Other Science: Math | 1 | 30.00 | 100% | 100% | 100% |
Philosophy | 9 | 17.78 | 100% | 67% | 11% |
Science - Biology | 5 | 18.00 | 80% | 80% | 20% |
Science - Chemistry | 7 | 17.14 | 86% | 71% | 14% |
Science - Physics | 7 | 20.00 | 100% | 71% | 29% |
Social Science | 7 | 17.14 | 100% | 43% | 29% |
World and Other Literature | 9 | 17.78 | 100% | 67% | 11% |